000 00529nam a2200193Ia 4500
005 20250326142240.0
008 250326s9999 xx 000 0 und d
020 _a0-566-02967-7
037 _aTextbook
040 _aFMSL
_beng
_cFMSL
041 _aeng
_2eng
084 _aS:86 N1
_qFMSL
100 _aFitzwelliams H
_9745799
245 0 _aCounselling the poor performer
_cFitzwelliams H
260 _aEngland
_bEngland, Gower Pub.
_c1991
300 _a159p
942 _cTB
_hS:86 N1
999 _c1294122
_d1294122